000 00914nmm a2200289 a 4500
001 ocm000621562
003 TR-IsHL
005 20201028130622.0
008 131010s2006 tu tur
007 cr cn
020 _a9789753853477
035 _a621562
_b(N$T)
050 0 4 _aB363.T8
_bP53 2006
090 0 4 _aB363.T8
_bP53 2006
100 1 _aPlaton
245 1 0 _aSokrates'in savunması
_h[electronic resource] /
_cPlaton ; çev. Tuncay Türk
250 _a1. bs.
260 _aİstanbul :
_bOda Yayınları,
_c2006
300 _a64 p.
650 4 _aFelsefe, Psikoloji ve Din
650 4 _aPhilosophy, Psychology and Religion
650 0 _aKlasik Yunan söylevleri
650 0 _aClassical Greek speeches
650 7 _aLITERARY COLLECTIONS / Speeches
_2bisacsh
700 1 _aTürk, Tuncay
856 4 0 _uhttp://search.ebscohost.com/login.aspx?direct=true&scope=site&db=e011xww&AN=621562
999 _c4119
_d4119